[Event "Tournoi MI Condom 2007"]
[Site "Condom (France)"]
[Date "2007.??.??"]
[Round "1.1"]
[White "Lejarre, Ludovic"]
[Black "Rada Equiza, Miguel"]
[Result "1-0"]
[WhiteElo "2359"]
[BlackElo "2271"]
[PlyCount "91"]

1. e4 e5 2. Nf3 Nc6 3. Bb5 a6 4. Ba4 Nf6 5. O-O Nxe4 6. d4 b5 7. Bb3 d5 8. dxe5
Be6 9. Nbd2 Bc5 10. Nxe4 dxe4 11. Bxe6 Qxd1 12. Rxd1 fxe6 13. Ng5 O-O 14. Be3
Bxe3 15. fxe3 Rfe8 16. Nxe4 Nxe5 17. b3 a5 18. a4 b4 19. h3 Rad8 20. Kf2 Rd5
21. Ke2 Kf8 22. Rd2 Ke7 23. Rad1 c6 24. Rd4 Rb8 25. Nf2 Rbd8 26. Ne4 Rb8 27.
R4d2 h6 28. Nf2 Rbd8 29. Nd3 Nxd3 30. Rxd3 Rxd3 31. Rxd3 Rd5 32. c4 bxc3 33.
Rxc3 Kd6 34. Rc4 Rg5 35. g4 Rc5 36. Rd4+ Rd5 37. Rf4 Kc5 38. Rc4+ Kd6 39. e4
Rg5 40. Ke3 h5 41. Kf4 Rg6 42. g5 h4 43. e5+ Kd5 44. Rc1 c5 45. Rd1+ Kc6 46.
Rd6+ 1-0

[Event "Tournoi MI Condom 2007"]
[Site "Condom (France)"]
[Date "2007.??.??"]
[Round "1.3"]
[White "Sanchez, Joseph"]
[Black "Cioara, Andrei Nestor"]
[Result "0-1"]
[WhiteElo "2486"]
[BlackElo "2430"]
[PlyCount "116"]

1. e4 c6 2. d4 d5 3. e5 Bf5 4. Nf3 e6 5. Be2 Nd7 6. O-O Ne7 7. Nh4 Be4 8. Nd2
Nf5 9. Nhf3 c5 10. c3 Be7 11. dxc5 Bxf3 12. Nxf3 Bxc5 13. Qa4 O-O 14. Bd3 Qc7
15. Re1 Rfc8 16. Qf4 g6 17. g4 Ne7 18. Ng5 Rf8 19. Nxh7 Kxh7 20. Qh6+ Kg8 21.
Bg5 Rfe8 22. b4 Nf5 23. gxf5 Bf8 24. Qh3 exf5 25. f4 Qxc3 26. Bxf5 Qxh3 27.
Bxh3 Nb6 28. Rab1 Be7 29. Bxe7 Rxe7 30. Kf2 d4 31. Rbd1 Rd8 32. Rd3 Rc7 33.
Red1 Rc2+ 34. Kg3 Rc4 35. a3 Na4 36. R1d2 a5 37. Rb3 Nc3 38. Bg2 a4 39. Rbb2
Nb5 40. Bf1 Rc3+ 41. Rd3 Rxa3 42. Rxa3 Nxa3 43. Bd3 b5 44. Kf3 Nc4 45. Rg2 Kf8
46. h3 Ke7 47. Ke4 Ne3 48. Rg1 Nd5 49. f5 Nc3+ 50. Kf4 gxf5 51. Kxf5 a3 52. h4
Rh8 53. Rh1 a2 54. Kg5 Rg8+ 55. Kf4 Nd5+ 56. Kf3 Nxb4 57. Be4 Rh8 58. Kg4 d3
0-1

[Event "Tournoi MI Condom 2007"]
[Site "Condom (France)"]
[Date "2007.??.??"]
[Round "1.4"]
[White "Bujisho, Benjamin"]
[Black "Tournier, Mathieu"]
[Result "1/2-1/2"]
[WhiteElo "2384"]
[BlackElo "2250"]
[PlyCount "88"]

1. d4 d5 2. Nf3 Nf6 3. c4 c6 4. Nc3 e6 5. cxd5 exd5 6. Bg5 Be7 7. e3 Bf5 8. Bd3
Bxd3 9. Qxd3 Nbd7 10. O-O O-O 11. Nd2 Re8 12. Bf4 Nh5 13. Be5 Nxe5 14. dxe5 g6
15. f4 Ng7 16. Rf3 f6 17. exf6 Bxf6 18. Kh1 Qb6 19. Rb1 Rad8 20. e4 Qd4 21. Qc2
Ne6 22. f5 gxf5 23. Rxf5 Bg7 24. Nf3 Qc4 25. exd5 Rxd5 26. Rxd5 cxd5 27. Qf5
Bxc3 28. bxc3 Qe4 29. Qxe4 dxe4 30. Nd4 Nxd4 31. cxd4 Rd8 32. Rxb7 Rxd4 33. h3
e3 34. Re7 Ra4 35. Rxe3 Rxa2 36. Re7 a5 37. Ra7 a4 38. Kh2 Ra3 39. h4 Kh8 40.
g3 Ra1 41. Kh3 a3 42. Kg4 a2 43. Kg5 Rg1 44. Rxa2 Rxg3+ 1/2-1/2

[Event "Tournoi MI Condom 2007"]
[Site "Condom (France)"]
[Date "2007.??.??"]
[Round "2.2"]
[White "Tournier, Mathieu"]
[Black "Piceu, Tom"]
[Result "0-1"]
[WhiteElo "2250"]
[BlackElo "2350"]
[PlyCount "76"]

1. e4 c5 2. Nf3 d6 3. d4 cxd4 4. Nxd4 Nf6 5. Nc3 a6 6. Be3 e5 7. Nb3 Be6 8. f3
Be7 9. Qd2 h5 10. O-O-O Nbd7 11. Nd5 Bxd5 12. exd5 Rc8 13. Kb1 Nb6 14. Bxb6
Qxb6 15. c4 Nd7 16. Bd3 g6 17. Rhe1 f5 18. g4 hxg4 19. fxg4 e4 20. Bf1 Bh4 21.
gxf5 gxf5 22. Nd4 Bxe1 23. Rxe1 Ne5 24. Nxf5 Kd7 25. Qg5 Rce8 26. Qg7+ Kc8 27.
c5 dxc5 28. Ne7+ Rxe7 29. Qxe7 Nf3 30. d6 Kb8 31. d7 Ka7 32. Re2 Nd4 33. Rd2
Qb4 34. Kc1 Rxh2 35. Qg5 Rh1 36. Rd1 Rxf1 37. Rxf1 Qc4+ 38. Kd2 Qe2+ 0-1

[Event "Tournoi MI Condom 2007"]
[Site "Condom (France)"]
[Date "2007.??.??"]
[Round "2.5"]
[White "Lejarre, Ludovic"]
[Black "Navarrete Delgado, Sergio"]
[Result "1/2-1/2"]
[WhiteElo "2359"]
[BlackElo "2213"]
[PlyCount "91"]

1. e4 e5 2. Nf3 Nc6 3. Bb5 a6 4. Ba4 Nf6 5. O-O Nxe4 6. d4 b5 7. Bb3 d5 8. dxe5
Be6 9. Nbd2 Be7 10. c3 Nc5 11. Bc2 d4 12. Ne4 d3 13. Nxc5 dxc2 14. Qxd8+ Rxd8
15. Nxe6 fxe6 16. Be3 O-O 17. Rfc1 Rd5 18. Rxc2 Nxe5 19. Nxe5 Rxe5 20. g3 Rd8
21. Bd4 Red5 22. Re1 Kf7 23. Be3 Rd1 24. Kf1 Bf6 25. b3 R1d3 26. Rec1 R3d7 27.
Ke2 Be5 28. Rd2 Rxd2+ 29. Bxd2 c5 30. f4 Bf6 31. c4 b4 32. Be3 Be7 33. Rd1 Rxd1
34. Kxd1 Kf6 35. Ke2 e5 36. Kf3 exf4 37. Bxf4 Kf5 38. g4+ Ke6 39. Ke4 Bf6 40.
Be3 Be7 41. Bf2 Bd6 42. h4 Be7 43. h5 g6 44. hxg6 hxg6 45. Kf4 Bd6+ 46. Ke4
1/2-1/2

[Event "Tournoi MI Condom 2007"]
[Site "Condom (France)"]
[Date "2007.??.??"]
[Round "3.1"]
[White "Navarrete Delgado, Sergio"]
[Black "Rada Equiza, Miguel"]
[Result "1/2-1/2"]
[WhiteElo "2213"]
[BlackElo "2271"]
[PlyCount "28"]

1. d4 d5 2. c4 e6 3. Nc3 Nf6 4. Nf3 Be7 5. Bg5 Nbd7 6. e3 h6 7. Bh4 c6 8. Bd3
O-O 9. O-O dxc4 10. Bxc4 b5 11. Bd3 a6 12. Qe2 c5 13. a4 b4 14. Bxf6 Nxf6
1/2-1/2

[Event "Tournoi MI Condom 2007"]
[Site "Condom (France)"]
[Date "2007.??.??"]
[Round "3.2"]
[White "Sanchez, Joseph"]
[Black "Lejarre, Ludovic"]
[Result "1/2-1/2"]
[WhiteElo "2486"]
[BlackElo "2359"]
[PlyCount "108"]

1. e4 e5 2. Nf3 Nc6 3. Nc3 Nf6 4. d4 exd4 5. Nxd4 Bb4 6. Nxc6 bxc6 7. Bd3 d5 8.
exd5 cxd5 9. O-O O-O 10. Bg5 c6 11. Na4 Re8 12. c4 Bd6 13. Rc1 h6 14. Bh4 Bf4
15. Rc3 Qd6 16. Bg3 Bxg3 17. hxg3 Bg4 18. Qc1 Re7 19. cxd5 cxd5 20. Qf4 Qxf4
21. gxf4 Rd8 22. f3 d4 23. Ra3 Bc8 24. Nc5 Nh5 25. f5 Ng3 26. f6 gxf6 27. Rd1
Be6 28. Kf2 Nh5 29. g3 Rd5 30. b4 f5 31. Rh1 f4 32. g4 Nf6 33. Rxh6 Kg7 34. Rh4
Re5 35. g5 Nd5 36. Be4 Nxb4 37. Nxe6+ R5xe6 38. Ra4 Rb6 39. a3 Na2 40. Rxd4
Rb2+ 41. Kf1 Rc7 42. Rd1 Nc3 43. Rh7+ Kf8 44. Rh8+ Ke7 45. Rdd8 Rd7 46. Rde8+
Kd6 47. Rh6+ Kc5 48. Rc6+ Kd4 49. Rf6 Kc4 50. Rc8+ Kd4 51. Bc6 Re7 52. Rxf4+
Ke3 53. Rg4 Rf2+ 54. Ke1 Re2+ 1/2-1/2

[Event "Tournoi MI Condom 2007"]
[Site "Condom (France)"]
[Date "2007.??.??"]
[Round "3.3"]
[White "Bujisho, Benjamin"]
[Black "Van Elst, Andreas"]
[Result "0-1"]
[WhiteElo "2384"]
[BlackElo "2294"]
[PlyCount "126"]

1. d4 Nf6 2. c3 b6 3. Bg5 Bb7 4. Bxf6 exf6 5. Nd2 d5 6. e3 Bd6 7. Bd3 O-O 8.
Qf3 Nd7 9. Ne2 Re8 10. g4 c5 11. a3 a6 12. h4 b5 13. Rg1 b4 14. cxb4 cxb4 15.
a4 Nf8 16. b3 Ne6 17. Kf1 Rc8 18. Kg2 Bb8 19. Rgc1 Qd6 20. Nf1 Rxc1 21. Rxc1
Rc8 22. Rxc8+ Bxc8 23. Qf5 g6 24. Qxf6 Bc7 25. Qf3 h6 26. Qg3 Qe7 27. f4 Nf8
28. g5 hxg5 29. hxg5 Ne6 30. Qf3 Qd7 31. Kf2 Ng7 32. Nfg3 Qd8 33. Ke1 a5 34.
Kd2 Be6 35. Qh1 Qd7 36. Qc1 Bd8 37. Qc5 Bg4 38. Qb5 Qe6 39. Qb8 Qe7 40. Qa8 Be6
41. Qc6 Qf8 42. Ng1 Qe7 43. Nf3 Bc7 44. Qc5 Qd8 45. Be2 Nf5 46. Nxf5 Bxf5 47.
Ne5 Bxe5 48. dxe5 Be4 49. Ba6 Kg7 50. Qd6 Qe8 51. Qc5 Qe6 52. Be2 Qh3 53. Qxa5
d4 54. Qxb4 Qxe3+ 55. Kd1 d3 56. Bxd3 Qxd3+ 57. Ke1 Bf3 58. Qc4 Qe3+ 59. Kf1
Be4 60. Qb4 Qxf4+ 61. Ke1 Qxe5 62. a5 Bd5+ 63. Kd1 Qb2 0-1

[Event "Tournoi MI Condom 2007"]
[Site "Condom (France)"]
[Date "2007.??.??"]
[Round "3.5"]
[White "Roser, Kevin"]
[Black "Tournier, Mathieu"]
[Result "1/2-1/2"]
[WhiteElo "2408"]
[BlackElo "2250"]
[PlyCount "44"]

1. e4 e5 2. Nf3 Nc6 3. Bb5 a6 4. Ba4 Nf6 5. O-O b5 6. Bb3 Bc5 7. a4 Rb8 8. c3
d6 9. d4 Bb6 10. Na3 O-O 11. axb5 axb5 12. Nxb5 exd4 13. cxd4 Bg4 14. Ra4 Re8
15. Bg5 h6 16. Bd5 Bd7 17. Bxf6 Qxf6 18. Nc3 Ne7 19. Rb4 Ng6 20. Bc4 c6 21. h3
Nf4 22. Kh1 Ba5 1/2-1/2

[Event "Tournoi MI Condom 2007"]
[Site "Condom (France)"]
[Date "2007.??.??"]
[Round "4.1"]
[White "Rada Equiza, Miguel"]
[Black "Tournier, Mathieu"]
[Result "1/2-1/2"]
[WhiteElo "2271"]
[BlackElo "2250"]
[PlyCount "64"]

1. e4 e5 2. Nf3 Nc6 3. Bb5 a6 4. Ba4 Nf6 5. O-O b5 6. Bb3 Bc5 7. a4 Rb8 8. axb5
axb5 9. Nxe5 Nxe5 10. d4 Bxd4 11. Qxd4 d6 12. f4 Nc6 13. Qc3 Bb7 14. e5 Ne4 15.
Qe3 Ne7 16. Nc3 Nxc3 17. bxc3 O-O 18. f5 dxe5 19. Ba3 Nd5 20. Qg3 Nf4 21. Rae1
Re8 22. Bc1 Qd6 23. f6 Qxf6 24. Bxf4 exf4 25. Rxe8+ Rxe8 26. Rxf4 Qb6+ 27. Kf1
Re7 28. Qg5 Qe6 29. Rd4 Qf6+ 30. Qxf6 gxf6 31. c4 bxc4 32. Bxc4 Re4 1/2-1/2

[Event "Tournoi MI Condom 2007"]
[Site "Condom (France)"]
[Date "2007.??.??"]
[Round "4.2"]
[White "Cioara, Andrei Nestor"]
[Black "Roser, Kevin"]
[Result "1-0"]
[WhiteElo "2430"]
[BlackElo "2408"]
[PlyCount "111"]

1. d4 Nf6 2. Nf3 e6 3. g3 b5 4. a4 b4 5. Bg2 Bb7 6. c4 bxc3 7. bxc3 c5 8. O-O
Be7 9. Nbd2 Na6 10. Rb1 Rb8 11. Nc4 Nd5 12. Bd2 Nb6 13. Nxb6 axb6 14. Ne5 Bxg2
15. Kxg2 f6 16. Nc4 d5 17. Nb2 O-O 18. Nd3 Qd7 19. Bf4 Bd6 20. Qb3 c4 21. Qb5
Qxb5 22. Rxb5 Bxf4 23. Nxf4 Nc7 24. Rb4 Rb7 25. Rfb1 Rfb8 26. f3 Kf7 27. e4 Ke7
28. h4 Kd7 29. Nh5 Ne8 30. exd5 exd5 31. Re1 Kd6 32. Rb2 Re7 33. Reb1 Kc6 34.
Kf2 Nd6 35. Nf4 Ra7 36. Rb4 Re7 37. Rxb6+ Rxb6 38. Rxb6+ Kxb6 39. Nxd5+ Ka5 40.
Nxe7 Kxa4 41. Ke3 Kb3 42. Kd2 Nb5 43. d5 Kb2 44. Nf5 Nxc3 45. Ne3 Na4 46. Nxc4+
Kb3 47. Kd3 Nc5+ 48. Kd4 Nd7 49. d6 Kc2 50. Na5 Kd2 51. Nb3+ Ke2 52. Nc5 Nb8
53. Ke4 h5 54. d7 Nc6 55. Ne6 Kf2 56. Kd5 1-0

[Event "Tournoi MI Condom 2007"]
[Site "Condom (France)"]
[Date "2007.??.??"]
[Round "4.3"]
[White "Van Elst, Andreas"]
[Black "Piceu, Tom"]
[Result "1-0"]
[WhiteElo "2294"]
[BlackElo "2350"]
[PlyCount "105"]

1. d4 Nf6 2. c4 g6 3. Nc3 Bg7 4. e4 d6 5. Nf3 O-O 6. Be2 c5 7. d5 e6 8. O-O
exd5 9. cxd5 Bg4 10. Bf4 Re8 11. Nd2 Bxe2 12. Qxe2 Nh5 13. Be3 Nd7 14. g4 Nhf6
15. f3 a6 16. a4 Rb8 17. a5 b5 18. axb6 Nxb6 19. Rf2 h5 20. h3 hxg4 21. hxg4
Nbxd5 22. exd5 Rxb2 23. Qd3 Nd7 24. Nc4 Rb3 25. Rc1 Qf6 26. Bd2 Qh4 27. Kg2 Ne5
28. Nxe5 Bxe5 29. Rh1 Qg3+ 30. Kf1 Bd4 31. Rg2 Qe5 32. f4 Qxd5 33. Rgh2 Qb7 34.
g5 Bg7 35. Rh7 Qb5 36. Qxb5 axb5 37. R7h3 Kf8 38. Ne2 Rxh3 39. Rxh3 d5 40. Nc3
Bxc3 41. Rxc3 c4 42. Ra3 d4 43. Bb4+ Kg8 44. Ra5 Rb8 45. Bd6 Rd8 46. Be7 Rc8
47. Rxb5 d3 48. Rc5 Re8 49. Rc7 c3 50. Ke1 Kh7 51. Kd1 d2 52. Kc2 Ra8 53. Rxc3
1-0

[Event "Tournoi MI Condom 2007"]
[Site "Condom (France)"]
[Date "2007.??.??"]
[Round "4.5"]
[White "Navarrete Delgado, Sergio"]
[Black "Sanchez, Joseph"]
[Result "1/2-1/2"]
[WhiteElo "2213"]
[BlackElo "2486"]
[PlyCount "85"]

1. e4 d5 2. exd5 Nf6 3. d4 Nxd5 4. Nf3 g6 5. c3 Bg7 6. Bd3 O-O 7. O-O Nd7 8.
Re1 c5 9. dxc5 Nxc5 10. Bc4 Nb6 11. Qxd8 Rxd8 12. Bf1 Bg4 13. Be3 Nca4 14. Nbd2
Nxb2 15. Bxb6 axb6 16. Rxe7 Bxc3 17. Ne4 Bxf3 18. gxf3 Bd4 19. Rxb7 Ra3 20. Kg2
Nd3 21. Bxd3 Rxd3 22. Re1 h6 23. Re2 Kg7 24. Rc2 Rd5 25. Rcc7 Rf5 26. Rd7 h5
27. h4 Rfxf3 28. Rxd4 Rxf2+ 29. Kxf2 Rxd4 30. Kf3 Ra4 31. Rxb6 Rxa2 32. Rb7
Ra3+ 33. Kf4 Ra4 34. Rc7 Rb4 35. Ra7 Rd4 36. Ke5 Rb4 37. Kf4 Rd4 38. Ke3 Rb4
39. Kf3 Rb3+ 40. Kf4 Rb4 41. Rc7 Ra4 42. Rb7 Rd4 43. Ke5 1/2-1/2

[Event "Tournoi MI Condom 2007"]
[Site "Condom (France)"]
[Date "2007.??.??"]
[Round "5.1"]
[White "Sanchez, Joseph"]
[Black "Rada Equiza, Miguel"]
[Result "1-0"]
[WhiteElo "2486"]
[BlackElo "2271"]
[PlyCount "49"]

1. e4 e5 2. Nf3 Nc6 3. Nc3 Nf6 4. Bb5 Bd6 5. O-O a6 6. Bc4 O-O 7. a3 b5 8. Ba2
Re8 9. d3 h6 10. Nh4 Nd4 11. Ne2 Ng4 12. g3 Ne6 13. c3 Be7 14. Nf5 d6 15. Nf4
Nf6 16. Nh5 Bf8 17. Nxf6+ Qxf6 18. f4 Bb7 19. fxe5 Qxe5 20. Qh5 Rad8 21. Be3
Rd7 22. Bd4 Nxd4 23. cxd4 Qf6 24. Nxh6+ Qxh6 25. Bxf7+ 1-0

[Event "Tournoi MI Condom 2007"]
[Site "Condom (France)"]
[Date "2007.??.??"]
[Round "5.2"]
[White "Bujisho, Benjamin"]
[Black "Navarrete Delgado, Sergio"]
[Result "1-0"]
[WhiteElo "2384"]
[BlackElo "2213"]
[PlyCount "87"]

1. d4 d5 2. Nf3 Nf6 3. c4 c6 4. e3 e6 5. Nbd2 Nbd7 6. Bd3 Bd6 7. O-O O-O 8. e4
dxe4 9. Nxe4 Nxe4 10. Bxe4 Nf6 11. Bc2 Qc7 12. b3 Rd8 13. Qe2 c5 14. dxc5 Qxc5
15. Bb2 Qh5 16. Rfd1 Rd7 17. h3 Ne8 18. Rd4 Be7 19. Rad1 Rxd4 20. Bxd4 Bd7 21.
Bxg7 Bc6 22. Bd4 Bxf3 23. Qxf3 Qxf3 24. gxf3 b6 25. Be3 Rd8 26. Rxd8 Bxd8 27.
c5 f5 28. Kf1 Nf6 29. cxb6 axb6 30. b4 Kf7 31. Bb3 Bc7 32. a4 Nd7 33. Ke2 Ke7
34. f4 Nf8 35. Kd3 Kd7 36. Kc4 Kc6 37. Bd1 Nd7 38. Bf3+ Kd6 39. Kb5 h6 40. Bc6
Nb8 41. Bb7 Nd7 42. Bc8 Nf6 43. a5 bxa5 44. Bc5+ 1-0

[Event "Tournoi MI Condom 2007"]
[Site "Condom (France)"]
[Date "2007.??.??"]
[Round "5.3"]
[White "Piceu, Tom"]
[Black "Lejarre, Ludovic"]
[Result "0-1"]
[WhiteElo "2350"]
[BlackElo "2359"]
[PlyCount "62"]

1. d4 Nf6 2. c4 g6 3. Nc3 Bg7 4. e4 d6 5. f4 O-O 6. Nf3 c5 7. d5 e6 8. Be2 exd5
9. cxd5 Bg4 10. O-O Nbd7 11. Re1 Re8 12. h3 Bxf3 13. Bxf3 Qa5 14. Be3 b5 15. a3
b4 16. axb4 Qxb4 17. Qc2 Nb6 18. Qf2 Nfd7 19. Reb1 Bxc3 20. bxc3 Qxc3 21. Rc1
Qg7 22. Ra6 Nf6 23. e5 dxe5 24. fxe5 Nfxd5 25. Rxc5 Rad8 26. Rxa7 Nxe3 27. Qxe3
Nd7 28. Rcc7 Nxe5 29. Re7 Qf6 30. Rxe8+ Rxe8 31. Bd5 Nf3+ 0-1

[Event "Tournoi MI Condom 2007"]
[Site "Condom (France)"]
[Date "2007.??.??"]
[Round "5.5"]
[White "Tournier, Mathieu"]
[Black "Cioara, Andrei Nestor"]
[Result "0-1"]
[WhiteElo "2250"]
[BlackElo "2430"]
[PlyCount "80"]

1. e4 e6 2. d4 d5 3. Nc3 Bb4 4. Nge2 Nc6 5. a3 Ba5 6. Be3 Nge7 7. b4 Bb6 8.
exd5 exd5 9. Ng3 Nf5 10. Nxf5 Bxf5 11. Bb5 Qd6 12. Qf3 Bxc2 13. Qxd5 O-O-O 14.
Bxc6 bxc6 15. Qa2 Bd3 16. O-O-O Qg6 17. Qd2 Bc4 18. Qc2 Qxg2 19. Rhg1 Qxh2 20.
Rxg7 Rdg8 21. Rxg8+ Rxg8 22. Qe4 Rg6 23. Qf5+ Kb7 24. Kb2 Qd6 25. Qh5 h6 26.
Qf3 Be6 27. Rd2 a6 28. Qh1 Bd5 29. Qh5 Qe6 30. Qh2 Bf3 31. Qf4 Qf6 32. Qh2 h5
33. Qh3 h4 34. a4 Bg2 35. Qh2 Qd6 36. Qxh4 Qxb4+ 37. Kc2 Ba5 38. Rd3 Bf1 39.
Ne2 Bxe2 40. Rb3 Bd1+ 0-1

[Event "Tournoi MI Condom 2007"]
[Site "Condom (France)"]
[Date "2007.??.??"]
[Round "6.1"]
[White "Rada Equiza, Miguel"]
[Black "Cioara, Andrei Nestor"]
[Result "1-0"]
[WhiteElo "2271"]
[BlackElo "2430"]
[PlyCount "101"]

1. e4 e6 2. d4 d5 3. Nd2 Nf6 4. e5 Nfd7 5. Bd3 c5 6. c3 Nc6 7. Ne2 cxd4 8. cxd4
f6 9. Nf4 Nxd4 10. Qh5+ Ke7 11. exf6+ Nxf6 12. Ng6+ hxg6 13. Qxh8 Kf7 14. O-O
e5 15. Nf3 Nxf3+ 16. gxf3 Bf5 17. Bxf5 gxf5 18. Bg5 Bc5 19. Qh3 g6 20. Rac1 Bb6
21. Rfe1 Qd6 22. Bxf6 Kxf6 23. Qh7 Rb8 24. Kh1 Qe6 25. Rg1 Qf7 26. Qh4+ Kg7 27.
Rxg6+ Qxg6 28. Qe7+ Kh6 29. Rg1 Rd8 30. Rxg6+ Kxg6 31. h4 d4 32. Qg5+ Kf7 33.
Qxf5+ Kg7 34. Qxe5+ Kf7 35. Qf5+ Kg7 36. Qd3 Rh8 37. Qe4 Rd8 38. Qe7+ Kg6 39.
f4 d3 40. h5+ Kh6 41. Qg5+ Kh7 42. Qg6+ Kh8 43. h6 Bd4 44. Qxd3 Bf6 45. Qf5
Bxb2 46. Kg2 b6 47. Qf7 a5 48. f5 Bd4 49. h7 Bg7 50. f6 Bh6 51. Qg6 1-0

[Event "Tournoi MI Condom 2007"]
[Site "Condom (France)"]
[Date "2007.??.??"]
[Round "6.4"]
[White "Navarrete Delgado, Sergio"]
[Black "Piceu, Tom"]
[Result "1-0"]
[WhiteElo "2213"]
[BlackElo "2350"]
[PlyCount "43"]

1. e4 c5 2. c3 d6 3. d4 cxd4 4. cxd4 Nf6 5. Nc3 g6 6. Bg5 Bg7 7. Bb5+ Bd7 8.
Bxd7+ Nbxd7 9. Nf3 Qa5 10. Qd2 Nb6 11. O-O Nc4 12. Qe2 Rc8 13. e5 dxe5 14. dxe5
Ng4 15. b4 Qxb4 16. Nd5 Qc5 17. Nxe7 Rc7 18. Nd5 Rd7 19. Nf6+ Bxf6 20. exf6+
Kf8 21. Rac1 b5 22. Qe4 1-0

[Event "Tournoi MI Condom 2007"]
[Site "Condom (France)"]
[Date "2007.??.??"]
[Round "7.1"]
[White "Bujisho, Benjamin"]
[Black "Rada Equiza, Miguel"]
[Result "1-0"]
[WhiteElo "2384"]
[BlackElo "2271"]
[PlyCount "37"]

1. d4 f5 2. c4 Nf6 3. Nc3 g6 4. h4 d6 5. h5 Nxh5 6. Rxh5 gxh5 7. e4 Be6 8. Be2
Kd7 9. d5 Bf7 10. exf5 Kc8 11. Nf3 Nd7 12. Be3 Bg7 13. Rc1 Nb6 14. a4 a5 15.
Nb5 Be8 16. Ng5 Bd7 17. c5 dxc5 18. Nxc7 Bxa4 19. b3 1-0

[Event "Tournoi MI Condom 2007"]
[Site "Condom (France)"]
[Date "2007.??.??"]
[Round "7.2"]
[White "Piceu, Tom"]
[Black "Sanchez, Joseph"]
[Result "0-1"]
[WhiteElo "2350"]
[BlackElo "2486"]
[PlyCount "86"]

1. d4 d5 2. c4 c6 3. Nf3 Nf6 4. Nc3 dxc4 5. e4 b5 6. e5 Nd5 7. Ne4 Bf5 8. Ng3
Bd7 9. Ng5 e6 10. Qh5 g6 11. Qh3 Bb4+ 12. Kd1 Qa5 13. a4 c3 14. N3e4 h6 15.
bxc3 Nxc3+ 16. Nxc3 Bxc3 17. Ra3 b4 18. Nxf7 Kxf7 19. Qf3+ Ke8 20. Bd3 bxa3 21.
Qf6 Rg8 22. Bxh6 Bc8 23. Bxg6+ Rxg6 24. Qxg6+ Kd8 25. Bf8 Kc7 26. Qc2 Bb4 27.
Bd6+ Bxd6 28. exd6+ Kxd6 29. h4 Na6 30. h5 Qb4 31. Rh3 Rb8 32. h6 Qb1+ 33. Qxb1
Rxb1+ 34. Ke2 a2 35. h7 a1=Q 36. h8=Q Re1+ 37. Kf3 Qc3+ 38. Kg4 Re4+ 39. f4
Qxd4 40. Qxc8 Rxf4+ 41. Kg3 Rg4+ 42. Kh2 Qf4+ 43. Kh1 Qf1+ 0-1

[Event "Tournoi MI Condom 2007"]
[Site "Condom (France)"]
[Date "2007.??.??"]
[Round "7.4"]
[White "Tournier, Mathieu"]
[Black "Lejarre, Ludovic"]
[Result "0-1"]
[WhiteElo "2250"]
[BlackElo "2359"]
[PlyCount "108"]

1. e4 e5 2. Nf3 Nc6 3. Bc4 Nf6 4. d3 Be7 5. c3 O-O 6. O-O d6 7. Bb3 Na5 8. Bc2
c5 9. Nbd2 Nc6 10. Re1 Re8 11. Nf1 h6 12. Ng3 Bf8 13. h3 g6 14. Nh2 Bg7 15. Be3
Qe7 16. Qd2 Qf8 17. f4 d5 18. fxe5 Nxe5 19. Qf2 Ned7 20. exd5 Nxd5 21. Bd2 Ne5
22. Nf3 Nxf3+ 23. Qxf3 Rxe1+ 24. Rxe1 Be6 25. Bb3 Rd8 26. Ne4 Qe7 27. h4 b6 28.
h5 g5 29. Ng3 Qd7 30. Re4 Nc7 31. Re3 Bxb3 32. axb3 Nd5 33. Re2 Nf6 34. Nf5
Qxd3 35. Nxh6+ Bxh6 36. Qxf6 Qxe2 37. Qxd8+ Kh7 38. Qd7 Qxh5 39. g4 Qg6 40.
Qxa7 Qe6 41. Qa4 b5 42. Qxb5 Qxg4+ 43. Kf2 Qf5+ 44. Ke2 g4 45. Bxh6 Kxh6 46.
Qc6+ Kg5 47. b4 cxb4 48. cxb4 Qe5+ 49. Kf1 Qf4+ 50. Kg2 Qd2+ 51. Kg3 f5 52. Qc5
Qe1+ 53. Kg2 Qe2+ 54. Kg1 g3 0-1

[Event "Tournoi MI Condom 2007"]
[Site "Condom (France)"]
[Date "2007.??.??"]
[Round "7.5"]
[White "Cioara, Andrei Nestor"]
[Black "Van Elst, Andreas"]
[Result "1/2-1/2"]
[WhiteElo "2430"]
[BlackElo "2294"]
[PlyCount "76"]

1. d4 Nf6 2. Nf3 g6 3. g3 Bg7 4. c4 O-O 5. Nc3 d6 6. Bg2 Nbd7 7. O-O e5 8. e4
exd4 9. Nxd4 Re8 10. h3 Nc5 11. Re1 Bd7 12. Rb1 h6 13. Kh2 a5 14. b3 c6 15. Bf4
Qc7 16. Nc2 Re6 17. Nd4 Ree8 18. a3 Rad8 19. b4 axb4 20. axb4 Ne6 21. Nxe6 Bxe6
22. c5 Ng4+ 23. hxg4 Bxc3 24. cxd6 Qd7 25. Bxh6 Qxd6 26. Qf3 Qe5 27. Rec1 Bd2
28. Bxd2 Rxd2 29. Kg1 Qd4 30. g5 Ba2 31. Ra1 Qxb4 32. Qf6 Qb2 33. Rd1 Re6 34.
Qxb2 Rxb2 35. Rd8+ Kg7 36. Ra8 Rb1+ 37. Rxb1 Bxb1 38. Rb8 Bxe4 1/2-1/2

[Event "Tournoi MI Condom 2007"]
[Site "Condom (France)"]
[Date "2007.??.??"]
[Round "8.3"]
[White "Navarrete Delgado, Sergio"]
[Black "Tournier, Mathieu"]
[Result "0-1"]
[WhiteElo "2213"]
[BlackElo "2250"]
[PlyCount "64"]

1. e4 e5 2. Nf3 Nc6 3. d4 exd4 4. Bc4 Nf6 5. e5 d5 6. Bb5 Nd7 7. O-O Be7 8. Re1
O-O 9. Bxc6 bxc6 10. Nxd4 Nb8 11. f4 c5 12. Ne2 f6 13. Nbc3 Bb7 14. Ng3 f5 15.
Qf3 Na6 16. Rd1 c6 17. b3 Nc7 18. Na4 Ne6 19. Qc3 Rb8 20. Be3 d4 21. Qc4 Qc8
22. Qd3 dxe3 23. Nxf5 Qe8 24. g4 Bc8 25. Qxe3 Nd4 26. Nxd4 cxd4 27. Qg3 c5 28.
Nb2 Bb7 29. Nc4 Qc6 30. Kf2 Rxf4+ 31. Ke2 Qe4+ 32. Kd2 Bg5 0-1

[Event "Tournoi MI Condom 2007"]
[Site "Condom (France)"]
[Date "2007.??.??"]
[Round "8.5"]
[White "Bujisho, Benjamin"]
[Black "Piceu, Tom"]
[Result "1-0"]
[WhiteElo "2384"]
[BlackElo "2350"]
[PlyCount "113"]

1. e4 c5 2. c3 e6 3. d4 d5 4. e5 Nc6 5. Nf3 Qb6 6. Be2 cxd4 7. cxd4 Nh6 8. Bd3
Nf5 9. Bxf5 exf5 10. O-O Be7 11. Nc3 Be6 12. Ne2 Rc8 13. Rb1 O-O 14. Bd2 Qa6
15. a3 b5 16. Bg5 Rfe8 17. Bxe7 Rxe7 18. Nf4 Qb6 19. b4 Rec7 20. Qd2 h6 21. h4
Nb8 22. Rfc1 Rxc1+ 23. Rxc1 Rc4 24. Nd3 Nc6 25. Nc5 a5 26. bxa5 Nxa5 27. Rb1
Nc6 28. Rb3 Nxd4 29. Nxd4 Qxc5 30. Rd3 Ra4 31. Kh2 Bd7 32. Nf3 Bc6 33. Nd4 Bd7
34. Nf3 Be6 35. Nd4 Rc4 36. f4 Ra4 37. Qe3 Qc4 38. Rd2 b4 39. axb4 Rxb4 40. Qa3
Rb1 41. Rd3 Rf1 42. Kg3 Re1 43. Qc3 Re4 44. Qd2 Qa4 45. Ne2 g5 46. hxg5 hxg5
47. Nc3 gxf4+ 48. Kh2 Qc4 49. Nxe4 fxe4 50. Rc3 Qf1 51. Rc1 Qb5 52. Qxf4 Kf8
53. Rc7 Qb8 54. Qh6+ Kg8 55. Qg5+ Kf8 56. Qe7+ Kg8 57. Rc3 1-0

[Event "Tournoi MI Condom 2007"]
[Site "Condom (France)"]
[Date "2007.??.??"]
[Round "9.1"]
[White "Piceu, Tom"]
[Black "Rada Equiza, Miguel"]
[Result "1/2-1/2"]
[WhiteElo "2350"]
[BlackElo "2271"]
[PlyCount "20"]

1. d4 Nf6 2. c4 g6 3. Nc3 Bg7 4. e4 d6 5. f4 O-O 6. Nf3 c5 7. d5 e6 8. Be2 exd5
9. cxd5 Bg4 10. O-O Nbd7 1/2-1/2

[Event "Tournoi MI Condom 2007"]
[Site "Condom (France)"]
[Date "2007.??.??"]
[Round "9.3"]
[White "Tournier, Mathieu"]
[Black "Sanchez, Joseph"]
[Result "0-1"]
[WhiteElo "2250"]
[BlackElo "2486"]
[PlyCount "106"]

1. e4 d5 2. exd5 Qxd5 3. Nc3 Qa5 4. d4 Nf6 5. Nf3 Bg4 6. h3 Bh5 7. g4 Bg6 8.
Ne5 c6 9. Bg2 e6 10. Qe2 Nbd7 11. h4 Bb4 12. Bd2 Nxe5 13. dxe5 Nd7 14. h5 Bxc2
15. Rc1 Ba4 16. h6 g6 17. a3 Bxc3 18. Bxc3 Qb5 19. Qe3 Bb3 20. Bd4 a5 21. Rh3
a4 22. Bf1 Qa5+ 23. Bc3 Qc7 24. Qg5 Ra5 25. Bxa5 Qxa5+ 26. Qd2 Qxd2+ 27. Kxd2
Nxe5 28. g5 Ke7 29. f4 Nd7 30. Bc4 Nc5 31. Ke2 Rd8 32. Bxb3 Nxb3 33. Rd1 Nd4+
34. Kf2 Rd5 35. Rc3 c5 36. Re1 Kd6 37. Re5 Nf5 38. Rxd5+ exd5 39. Rc1 d4 40.
Kf3 Kd5 41. Re1 Ne3 42. f5 gxf5 43. Rg1 Ng4 44. Kf4 Ke6 45. Rc1 Nf2 46. Re1+
Ne4 47. Rg1 c4 48. g6 fxg6 49. Rxg6+ Nf6 50. Rg1 d3 51. Ke3 f4+ 52. Kd4 b5 53.
Re1+ Kf5 0-1

[Event "Tournoi MI Condom 2007"]
[Site "Condom (France)"]
[Date "2007.??.??"]
[Round "9.4"]
[White "Cioara, Andrei Nestor"]
[Black "Navarrete Delgado, Sergio"]
[Result "1/2-1/2"]
[WhiteElo "2430"]
[BlackElo "2213"]
[PlyCount "22"]

1. d4 d5 2. Nf3 Nf6 3. g3 g6 4. Bg2 Bg7 5. O-O O-O 6. Nbd2 b6 7. c4 Bb7 8. b3
c5 9. Bb2 dxc4 10. Nxc4 Nbd7 11. e3 Rc8 1/2-1/2